[Event "NB I. Charousek csoport"]
[Site "Budapest"]
[Date "2023.10.08"]
[Round "1.11"]
[White "Fur, Katinka"]
[Black "Thierry, Edvard"]
[Result "1/2-1/2"]
[WhiteElo "1941"]
[BlackElo "1824"]
[PlyCount "74"]
[EventDate "2023.10.08"]
[EventType "team-tourn"]
[EventRounds "11"]
[EventCountry "HUN"]
[Source "chess.hu"]
[WhiteTeam "Balatonfuredi SC"]
[BlackTeam "MTK Budapest"]
[WhiteTeamCountry "HUN"]
[BlackTeamCountry "HUN"]

1. d4 Nf6 2. Nf3 g6 3. g3 Bg7 4. Bg2 d6 5. O-O Nbd7 6. c4 O-O 7. Nc3 e5 8. e4
a5 9. h3 Re8 10. Be3 b6 11. Qc2 Bb7 12. dxe5 Nxe5 13. Nxe5 dxe5 14. Rad1 Qe7
15. Rd2 Rad8 16. Rfd1 Bf8 17. Bg5 h6 18. Be3 Rxd2 19. Qxd2 Qb4 20. Nd5 Nxd5 21.
cxd5 Qxd2 22. Rxd2 Kg7 23. Bf1 h5 24. Bb5 Rd8 25. Rc2 Bd6 26. Kg2 f6 27. f3 Bc8
28. Rc1 Bd7 29. Bxd7 Rxd7 30. Rc6 Kf7 31. Rc1 Rd8 32. Rc6 Ke7 33. Kf2 Kd7 34.
Ke2 f5 35. Bf2 fxe4 36. fxe4 Rf8 37. Be3 Rb8 1/2-1/2

[Event "NB I. Charousek csoport"]
[Site "Budapest"]
[Date "2023.10.08"]
[Round "1.12"]
[White "Broderick, Tamas"]
[Black "Kun, Balint"]
[Result "1/2-1/2"]
[WhiteElo "1840"]
[BlackElo "1896"]
[PlyCount "26"]
[EventDate "2023.10.08"]
[EventType "team-tourn"]
[EventRounds "11"]
[EventCountry "HUN"]
[Source "chess.hu"]
[WhiteTeam "MTK Budapest"]
[BlackTeam "Balatonfuredi SC"]
[WhiteTeamCountry "HUN"]
[BlackTeamCountry "HUN"]

1. d4 d5 2. Nf3 Nf6 3. c4 e6 4. g3 Be7 5. Bg2 O-O 6. O-O c6 7. Qc2 Nbd7 8. Nbd2
Re8 9. e4 dxe4 10. Nxe4 Nxe4 11. Qxe4 Nf6 12. Qc2 Bd6 13. b3 e5 1/2-1/2

[Event "NB I. Charousek csoport"]
[Site "Komlo"]
[Date "2023.10.08"]
[Round "1.1"]
[White "Horvath, Csaba"]
[Black "Csiszar, Csaba"]
[Result "1-0"]
[WhiteElo "2488"]
[BlackElo "2382"]
[PlyCount "87"]
[EventDate "2023.10.08"]
[EventType "team-tourn"]
[EventRounds "11"]
[EventCountry "HUN"]
[Source "chess.hu"]
[WhiteTeam "Tuxera ANSK II."]
[BlackTeam "Komloi BSK"]
[WhiteTeamCountry "HUN"]
[BlackTeamCountry "HUN"]

1. Nf3 c5 2. c4 Nc6 3. d4 cxd4 4. Nxd4 e5 5. Nc2 d6 6. Nc3 Be6 7. e4 Be7 8. Be2
Bg5 9. O-O Bxc1 10. Qxc1 Nf6 11. Rd1 Qb6 12. Rxd6 Qc5 13. Rd1 Bxc4 14. Bxc4
Qxc4 15. Ne3 Qb4 16. Nf5 O-O 17. Nxg7 Kh8 18. Nf5 Rg8 19. a3 Qc4 20. Qe3 Rg6
21. Qf3 Rag8 22. g3 Qb3 23. Rd2 Rg4 24. Nh6 Rf4 25. Qd1 Qxd1+ 26. Raxd1 Rg6 27.
Nxf7+ Kg8 28. Nd6 Nd4 29. Kf1 Rf3 30. Nc4 Ng4 31. Nd5 Rh6 32. h3 Rxh3 33. Nxe5
Nxe5 34. Kg2 Rh6 35. Rxd4 Rb3 36. Rb4 Rxb4 37. axb4 Ra6 38. f4 Ng4 39. Rc1 Ra2
40. Rc8+ Kg7 41. Rc7+ Kh6 42. e5 Rxb2+ 43. Kf3 Nh2+ 44. Ke4 1-0

[Event "NB I. Charousek csoport"]
[Site "Komlo"]
[Date "2023.10.08"]
[Round "1.2"]
[White "Leventic, Ivan"]
[Black "Markoja, Boris"]
[Result "0-1"]
[WhiteElo "2378"]
[BlackElo "2454"]
[PlyCount "126"]
[EventDate "2023.10.08"]
[EventType "team-tourn"]
[EventRounds "11"]
[EventCountry "HUN"]
[Source "chess.hu"]
[WhiteTeam "Komloi BSK"]
[BlackTeam "Tuxera ANSK II."]
[WhiteTeamCountry "HUN"]
[BlackTeamCountry "HUN"]

1. e4 c5 2. Nf3 Nc6 3. Bb5 g6 4. c3 Nf6 5. e5 Nd5 6. O-O Nc7 7. Bxc6 dxc6 8. d4
Bg4 9. Be3 Bg7 10. Nbd2 cxd4 11. cxd4 Qd5 12. h3 Bxf3 13. Nxf3 O-O 14. Qa4 a5
15. Rac1 Ne6 16. Qc4 Qxc4 17. Rxc4 f6 18. Re1 Kf7 19. Bd2 Rfd8 20. Ra4 Rd5 21.
Be3 Ra6 22. Bd2 Nc7 23. Rc1 Ne6 24. Re1 Ra8 25. Bc3 b6 26. b4 fxe5 27. dxe5 Ke8
28. bxa5 b5 29. Rh4 c5 30. a3 Rd3 31. Re3 Rxe3 32. fxe3 h6 33. Kf2 g5 34. Re4
h5 35. h4 g4 36. Ng1 Kf7 37. Ne2 Kg6 38. Ng3 Nc7 39. Bd2 e6 40. Ke2 Nd5 41. Kd3
Bf8 42. Ne2 c4+ 43. Kc2 Bxa3 44. Rd4 Bc5 45. Nf4+ Nxf4 46. Rxf4 Be7 47. g3 Rc8
48. Rd4 b4 49. Rd7 Bc5 50. Rb7 c3 51. Bc1 Kf5 52. Kd3 Kxe5 53. Rb5 Kd6 54. e4
e5 55. Bg5 c2 56. a6 Bd4 57. Bc1 Rc3+ 58. Ke2 b3 59. Kd2 Rxg3 60. Ba3+ Kc6 61.
Rb8 Rg2+ 62. Kd3 Rg1 63. Rd8 Ra1 0-1

[Event "NB I. Charousek csoport"]
[Site "Komlo"]
[Date "2023.10.08"]
[Round "1.3"]
[White "Bodo, Norbert"]
[Black "Mrkonjic, Nenad"]
[Result "1/2-1/2"]
[WhiteElo "2400"]
[BlackElo "2349"]
[PlyCount "27"]
[EventDate "2023.10.08"]
[EventType "team-tourn"]
[EventRounds "11"]
[EventCountry "HUN"]
[Source "chess.hu"]
[WhiteTeam "Tuxera ANSK II."]
[BlackTeam "Komloi BSK"]
[WhiteTeamCountry "HUN"]
[BlackTeamCountry "HUN"]

1. Nf3 d5 2. g3 c6 3. Bg2 Nf6 4. O-O Bf5 5. d3 h6 6. c4 e6 7. cxd5 exd5 8. Qb3
Qb6 9. Qc2 Nbd7 10. Nc3 Be7 11. e4 dxe4 12. dxe4 Bh7 13. Be3 Qa5 14. Bd2
1/2-1/2

[Event "NB I. Charousek csoport"]
[Site "Komlo"]
[Date "2023.10.08"]
[Round "1.4"]
[White "Karsa, Laszlo"]
[Black "Krutti, Valer"]
[Result "1/2-1/2"]
[WhiteElo "2319"]
[BlackElo "2243"]
[PlyCount "23"]
[EventDate "2023.10.08"]
[EventType "team-tourn"]
[EventRounds "11"]
[EventCountry "HUN"]
[Source "chess.hu"]
[WhiteTeam "Komloi BSK"]
[BlackTeam "Tuxera ANSK II."]
[WhiteTeamCountry "HUN"]
[BlackTeamCountry "HUN"]

1. d4 d5 2. c4 c6 3. Nf3 Nf6 4. cxd5 cxd5 5. Nc3 Nc6 6. Bf4 a6 7. e3 Bg4 8. Be2
e6 9. h3 Bxf3 10. Bxf3 Bd6 11. Bxd6 Qxd6 12. O-O 1/2-1/2

[Event "NB I. Charousek csoport"]
[Site "Komlo"]
[Date "2023.10.08"]
[Round "1.5"]
[White "Orso, Miklos"]
[Black "Ivan, Attila"]
[Result "1/2-1/2"]
[WhiteElo "2175"]
[BlackElo "2219"]
[PlyCount "20"]
[EventDate "2023.10.08"]
[EventType "team-tourn"]
[EventRounds "11"]
[EventCountry "HUN"]
[Source "chess.hu"]
[WhiteTeam "Tuxera ANSK II."]
[BlackTeam "Komloi BSK"]
[WhiteTeamCountry "HUN"]
[BlackTeamCountry "HUN"]

1. Nf3 Nf6 2. c4 g6 3. Nc3 Bg7 4. g3 d6 5. d4 O-O 6. Bg2 c5 7. dxc5 dxc5 8.
Qxd8 Rxd8 9. Be3 Nc6 10. Bxc5 Be6 1/2-1/2

[Event "NB I. Charousek csoport"]
[Site "Komlo"]
[Date "2023.10.08"]
[Round "1.6"]
[White "Amrein, Roland"]
[Black "Hardicsay, Peter"]
[Result "1/2-1/2"]
[WhiteElo "2194"]
[BlackElo "2176"]
[PlyCount "30"]
[EventDate "2023.10.08"]
[EventType "team-tourn"]
[EventRounds "11"]
[EventCountry "HUN"]
[Source "chess.hu"]
[WhiteTeam "Komloi BSK"]
[BlackTeam "Tuxera ANSK II."]
[WhiteTeamCountry "HUN"]
[BlackTeamCountry "HUN"]

1. e4 e5 2. Nf3 Nc6 3. Bb5 a6 4. Ba4 Nf6 5. O-O Be7 6. Re1 b5 7. Bb3 d6 8. c3
O-O 9. h3 Nb8 10. d4 Nbd7 11. Nbd2 Bb7 12. Bc2 c5 13. Nf1 Qc7 14. Ng3 Rfb8 15.
Bg5 Bf8 1/2-1/2

[Event "NB I. Charousek csoport"]
[Site "Komlo"]
[Date "2023.10.08"]
[Round "1.7"]
[White "Varga, Richard"]
[Black "Benedek, Istvan"]
[Result "0-1"]
[WhiteElo "2088"]
[BlackElo "2109"]
[PlyCount "120"]
[EventDate "2023.10.08"]
[EventType "team-tourn"]
[EventRounds "11"]
[EventCountry "HUN"]
[Source "chess.hu"]
[WhiteTeam "Tuxera ANSK II."]
[BlackTeam "Komloi BSK"]
[WhiteTeamCountry "HUN"]
[BlackTeamCountry "HUN"]

1. c4 Nf6 2. Nc3 g6 3. g3 Bg7 4. Bg2 d6 5. e4 c5 6. Nge2 Nc6 7. d3 Rb8 8. O-O
a6 9. a4 O-O 10. h3 Ne8 11. Be3 Nc7 12. d4 cxd4 13. Nxd4 Ne6 14. Nde2 Nc5 15.
Rb1 Nb4 16. Nd5 Nxd5 17. cxd5 b5 18. axb5 axb5 19. Bd4 b4 20. Bxg7 Kxg7 21. Nd4
Bd7 22. b3 Qb6 23. Qd2 Ra8 24. Ra1 f6 25. Kh2 Ra3 26. Rxa3 bxa3 27. b4 Na6 28.
Ra1 Nxb4 29. Rxa3 Na6 30. h4 Nc5 31. Bh3 Bxh3 32. Kxh3 Qb1 33. Kh2 Rb8 34. Ra7
Rb7 35. Rxb7 Qxb7 36. h5 Qb1 37. f3 Qf1 38. Qe3 Nd3 39. Ne6+ Kf7 40. hxg6+ hxg6
41. Qh6 Qe2+ 42. Kh1 Qxf3+ 43. Kh2 Qh5+ 44. Qxh5 gxh5 45. Kg2 Nc5 46. Nf4 Nxe4
47. Nxh5 Kg6 48. Nf4+ Kf5 49. Kf3 Ng5+ 50. Ke3 Nf7 51. Kd4 Ne5 52. Ke3 Kg5 53.
Kf2 Ng6 54. Ne6+ Kf5 55. Ke3 Ke5 56. Nc7 Nf8 57. Kf3 f5 58. g4 fxg4+ 59. Kxg4
Nd7 60. Kg5 Nf6 0-1

[Event "NB I. Charousek csoport"]
[Site "Komlo"]
[Date "2023.10.08"]
[Round "1.8"]
[White "Kresz, Tamas"]
[Black "Sipos, Janos"]
[Result "0-1"]
[WhiteElo "2133"]
[BlackElo "2161"]
[PlyCount "64"]
[EventDate "2023.10.08"]
[EventType "team-tourn"]
[EventRounds "11"]
[EventCountry "HUN"]
[Source "chess.hu"]
[WhiteTeam "Komloi BSK"]
[BlackTeam "Tuxera ANSK II."]
[WhiteTeamCountry "HUN"]
[BlackTeamCountry "HUN"]

1. b3 g6 2. Bb2 Nf6 3. Nf3 Bg7 4. g3 d6 5. d4 O-O 6. Bg2 c6 7. O-O Nbd7 8. c4
Qc7 9. Nc3 Re8 10. e4 e5 11. d5 Nc5 12. Ne1 a5 13. Rb1 Bg4 14. Qc2 Rad8 15. Bc1
cxd5 16. cxd5 Bd7 17. a4 Rc8 18. Bd2 Qb6 19. Qb2 Qa6 20. b4 axb4 21. Qxb4 Nxa4
22. Nxa4 Bxa4 23. Qxb7 Qxb7 24. Rxb7 Rb8 25. Rxb8 Rxb8 26. f3 Rb2 27. Rf2 Nd7
28. Bh3 Nc5 29. Kg2 Rb1 30. Bc3 Bh6 31. f4 Nxe4 32. Rb2 Nxc3 0-1

[Event "NB I. Charousek csoport"]
[Site "Komlo"]
[Date "2023.10.08"]
[Round "1.9"]
[White "Haselbach, David"]
[Black "Jeszenszky, Jozsef"]
[Result "1/2-1/2"]
[WhiteElo "2059"]
[BlackElo "2049"]
[PlyCount "55"]
[EventDate "2023.10.08"]
[EventType "team-tourn"]
[EventRounds "11"]
[EventCountry "HUN"]
[Source "chess.hu"]
[WhiteTeam "Tuxera ANSK II."]
[BlackTeam "Komloi BSK"]
[WhiteTeamCountry "HUN"]
[BlackTeamCountry "HUN"]

1. e4 c6 2. Nc3 d5 3. Nf3 Bg4 4. h3 Bxf3 5. Qxf3 Nf6 6. d4 dxe4 7. Nxe4 Qxd4 8.
Nxf6+ exf6 9. Qe3+ Qxe3+ 10. Bxe3 Bb4+ 11. c3 Ba5 12. O-O-O Bb6 13. Bxb6 axb6
14. Re1+ Kd7 15. Bc4 Re8 16. Bxf7 Re7 17. Rxe7+ Kxe7 18. Bb3 Nd7 19. Re1+ Kf8
20. Kc2 Re8 21. Rxe8+ Kxe8 22. Kd2 Ke7 23. Bc2 g6 24. Bb3 Nc5 25. Bc2 Nd7 26.
Bb3 Nc5 27. Bc2 Nd7 28. Bb3 1/2-1/2

[Event "NB I. Charousek csoport"]
[Site "Komlo"]
[Date "2023.10.08"]
[Round "1.10"]
[White "Solty, Laszlo"]
[Black "Miseta, Nora Dr"]
[Result "1-0"]
[WhiteElo "2055"]
[BlackElo "1752"]
[PlyCount "61"]
[EventDate "2023.10.08"]
[EventType "team-tourn"]
[EventRounds "11"]
[EventCountry "HUN"]
[Source "chess.hu"]
[WhiteTeam "Komloi BSK"]
[BlackTeam "Tuxera ANSK II."]
[WhiteTeamCountry "HUN"]
[BlackTeamCountry "HUN"]

1. e4 e5 2. Nf3 Nc6 3. Bc4 Bc5 4. c3 d6 5. d4 exd4 6. cxd4 Bb4+ 7. Nc3 h6 8.
O-O Nf6 9. d5 Ne5 10. Qa4+ Bd7 11. Qxb4 Nxf3+ 12. gxf3 Qc8 13. e5 Nh7 14. Re1
O-O 15. e6 fxe6 16. dxe6 Kh8 17. exd7 Qxd7 18. Be6 Qd8 19. Bh3 Rxf3 20. Bg2 Rf6
21. Nd5 Rf7 22. Qg4 c6 23. Nf4 Qf6 24. Qg6 Re7 25. Rxe7 Qxe7 26. Bd2 Nf6 27.
Qf5 Qc7 28. Bc3 Qf7 29. Bxf6 Qxf6 30. Qxf6 gxf6 31. Re1 1-0

[Event "NB I. Charousek csoport"]
[Site "Komlo"]
[Date "2023.10.08"]
[Round "1.11"]
[White "Toth, Gabor"]
[Black "Jaro, Benjamin"]
[Result "1/2-1/2"]
[WhiteElo "1809"]
[BlackElo "2002"]
[PlyCount "21"]
[EventDate "2023.10.08"]
[EventType "team-tourn"]
[EventRounds "11"]
[EventCountry "HUN"]
[Source "chess.hu"]
[WhiteTeam "Tuxera ANSK II."]
[BlackTeam "Komloi BSK"]
[WhiteTeamCountry "HUN"]
[BlackTeamCountry "HUN"]

1. b3 e5 2. Bb2 Nc6 3. e3 Nf6 4. Bb5 d6 5. Nf3 Bd7 6. Be2 Be7 7. O-O O-O 8. c4
Re8 9. Nc3 Bg4 10. d4 Bf8 11. Re1 1/2-1/2

[Event "NB I. Charousek csoport"]
[Site "Komlo"]
[Date "2023.10.08"]
[Round "1.12"]
[White "Csiszar, Viktoria"]
[Black "Beznicza, Mira"]
[Result "1-0"]
[WhiteElo "1812"]
[BlackElo "1619"]
[PlyCount "41"]
[EventDate "2023.10.08"]
[EventType "team-tourn"]
[EventRounds "11"]
[EventCountry "HUN"]
[Source "chess.hu"]
[WhiteTeam "Komloi BSK"]
[BlackTeam "Tuxera ANSK II."]
[WhiteTeamCountry "HUN"]
[BlackTeamCountry "HUN"]

1. g3 d5 2. Bg2 Nf6 3. c4 e6 4. d4 c6 5. Nf3 Be7 6. O-O b6 7. Nc3 Bb7 8. cxd5
exd5 9. Nh4 Nbd7 10. Nf5 Bf8 11. Bf4 Nb8 12. e4 g6 13. exd5 Nxd5 14. Nxd5 cxd5
15. Re1+ Kd7 16. Bh3 b5 17. Rc1 Qb6 18. Nd6+ f5 19. Nxf5 Bc6 20. Nd6+ Kc7 21.
Nc4+ 1-0

[Event "NB I. Charousek csoport"]
[Site "Gyor"]
[Date "2023.10.08"]
[Round "1.1"]
[White "Lizak, Peter"]
[Black "Margl, Roland"]
[Result "1/2-1/2"]
[WhiteElo "2415"]
[BlackElo "2327"]
[PlyCount "72"]
[EventDate "2023.10.08"]
[EventType "team-tourn"]
[EventRounds "11"]
[EventCountry "HUN"]
[Source "chess.hu"]
[WhiteTeam "ASE II. Paks"]
[BlackTeam "Szechenyi ESE Gyor"]
[WhiteTeamCountry "HUN"]
[BlackTeamCountry "HUN"]

1. c4 e6 2. g3 d5 3. Bg2 dxc4 4. Qa4+ c6 5. Qxc4 b5 6. Qc2 Bb7 7. a4 a6 8. Nh3
Nf6 9. O-O Be7 10. Rd1 O-O 11. d4 Qb6 12. Nd2 Nbd7 13. Nb3 Rac8 14. a5 Qa7 15.
Be3 Nd5 16. Bg5 f6 17. Qe4 Kf7 18. Be3 f5 19. Qd3 c5 20. dxc5 Nxe3 21. Qxe3
Bxg2 22. Kxg2 Nxc5 23. Nf4 Rfe8 24. f3 Rc7 25. Rac1 g5 26. Nh3 Nxb3 27. Qxb3
Rec8 28. Rxc7 Qxc7 29. Qe3 h6 30. Nf2 Qc5 31. Qd3 Qc2 32. Rd2 Qxd3 33. Nxd3 Bd6
34. Kf2 Rc4 35. b3 Rc3 36. Rb2 Ke7 1/2-1/2

[Event "NB I. Charousek csoport"]
[Site "Gyor"]
[Date "2023.10.08"]
[Round "1.2"]
[White "Finszter, Mate"]
[Black "Videki, Sandor"]
[Result "0-1"]
[WhiteElo "2237"]
[BlackElo "2350"]
[PlyCount "146"]
[EventDate "2023.10.08"]
[EventType "team-tourn"]
[EventRounds "11"]
[EventCountry "HUN"]
[Source "chess.hu"]
[WhiteTeam "Szechenyi ESE Gyor"]
[BlackTeam "ASE II. Paks"]
[WhiteTeamCountry "HUN"]
[BlackTeamCountry "HUN"]

1. b3 d5 2. Bb2 Bg4 3. f3 Bf5 4. e4 Bg6 5. h4 h6 6. Qe2 c6 7. Nh3 e6 8. Nf4 Ne7
9. Nc3 Qc7 10. Nxg6 Qg3+ 11. Qf2 Qxf2+ 12. Kxf2 Nxg6 13. d4 Nd7 14. h5 Ne7 15.
Bd3 O-O-O 16. Ne2 Kb8 17. c4 dxe4 18. Bxe4 Nf6 19. Rad1 Nc8 20. Nf4 Bd6 21. Nd3
Ne7 22. g4 Rhf8 23. Ke3 Nd7 24. Ne5 f5 25. Nxd7+ Rxd7 26. Bd3 fxg4 27. fxg4 Ng8
28. Rdf1 Nf6 29. Rhg1 e5 30. Bf5 Re7 31. dxe5 Bxe5 32. Bxe5+ Rxe5+ 33. Kf4 Re2
34. Re1 Nxh5+ 35. gxh5 Rf2+ 36. Ke3 R2xf5 37. Kd4 c5+ 38. Kc3 R8f7 39. Re8+ Kc7
40. Rg8 Rxh5 41. R1xg7 Rh3+ 42. Kc2 Rh2+ 43. Kd3 Rh3+ 44. Kd2 Rhf3 45. Rxf7+
Rxf7 46. Rh8 Rf6 47. Kc3 a5 48. Kd3 Re6 49. Rh7+ Kc6 50. Rh8 b6 51. Kc3 Kd6 52.
a3 Ke5 53. b4 axb4+ 54. axb4 Kf5 55. bxc5 bxc5 56. Rf8+ Kg5 57. Rg8+ Kh4 58.
Kb3 h5 59. Rc8 Re5 60. Ka4 Kg4 61. Rg8+ Rg5 62. Rxg5+ Kxg5 63. Kb5 h4 64. Kxc5
h3 65. Kb6 h2 66. c5 h1=Q 67. c6 Qb1+ 68. Ka7 Qa2+ 69. Kb7 Qb3+ 70. Kc8 Kf6 71.
c7 Ke6 72. Kd8 Qd5+ 73. Ke8 Qa8+ 0-1

[Event "NB I. Charousek csoport"]
[Site "Gyor"]
[Date "2023.10.08"]
[Round "1.3"]
[White "Dankhazi, Andras"]
[Black "Csidey, Csongor"]
[Result "1-0"]
[WhiteElo "2325"]
[BlackElo "2059"]
[PlyCount "107"]
[EventDate "2023.10.08"]
[EventType "team-tourn"]
[EventRounds "11"]
[EventCountry "HUN"]
[Source "chess.hu"]
[WhiteTeam "ASE II. Paks"]
[BlackTeam "Szechenyi ESE Gyor"]
[WhiteTeamCountry "HUN"]
[BlackTeamCountry "HUN"]

1. e4 c5 2. Nf3 e6 3. d4 cxd4 4. Nxd4 Nf6 5. Nc3 Nc6 6. Ndb5 Bb4 7. a3 Bxc3+ 8.
Nxc3 d5 9. exd5 exd5 10. Bd3 O-O 11. O-O Bg4 12. f3 Bh5 13. Bg5 Qb6+ 14. Kh1
Ne4 15. Nxe4 dxe4 16. Bxe4 Qxb2 17. Qb1 Qxb1 18. Raxb1 Bg6 19. Bxg6 hxg6 20.
Rxb7 Na5 21. Rd7 Nc4 22. Be7 Rfc8 23. Rb1 Ne3 24. Bg5 Nxc2 25. Rbb7 Rab8 26.
Rxf7 Rxb7 27. Rxb7 Rc5 28. h4 Ra5 29. Bc1 Nxa3 30. Bb2 Nc4 31. Rxg7+ Kf8 32.
Rb7 Nxb2 33. Rxb2 Ra4 34. g3 Ke7 35. Rb7+ Kf6 36. Kg2 Ra2+ 37. Kh3 Ra3 38. Kg4
Ra4+ 39. Kh3 Ra3 40. Kg4 Ra4+ 41. f4 Ra5 42. Rc7 Ke6 43. Rc6+ Kf7 44. Rd6 Kg7
45. Rd3 Kh6 46. Kf3 Kh5 47. Re3 Kh6 48. Re5 Ra1 49. Kg4 a5 50. Re6 Kg7 51. Kg5
Rg1 52. g4 Kh7 53. Re7+ Kg8 54. Ra7 1-0

[Event "NB I. Charousek csoport"]
[Site "Gyor"]
[Date "2023.10.08"]
[Round "1.4"]
[White "Voros, Gellert"]
[Black "Forgacs, Attila Jr"]
[Result "1/2-1/2"]
[WhiteElo "2136"]
[BlackElo "2265"]
[PlyCount "35"]
[EventDate "2023.10.08"]
[EventType "team-tourn"]
[EventRounds "11"]
[EventCountry "HUN"]
[Source "chess.hu"]
[WhiteTeam "Szechenyi ESE Gyor"]
[BlackTeam "ASE II. Paks"]
[WhiteTeamCountry "HUN"]
[BlackTeamCountry "HUN"]

1. e4 e5 2. Nf3 Nc6 3. Bc4 Nf6 4. O-O Nxe4 5. d4 d5 6. Re1 Bg4 7. Bb5 exd4 8.
Qxd4 Be6 9. Nc3 Qd7 10. Nxe4 Nxd4 11. Bxd7+ Kxd7 12. Nxd4 dxe4 13. Nxe6 Kxe6
14. Rxe4+ Kd5 15. Rf4 f6 16. Be3 Bd6 17. Rg4 g6 18. Rd1+ 1/2-1/2

[Event "NB I. Charousek csoport"]
[Site "Gyor"]
[Date "2023.10.08"]
[Round "1.5"]
[White "Tancsa, Tamas"]
[Black "Csuta, Akos Koppany"]
[Result "1-0"]
[WhiteElo "2257"]
[BlackElo "2113"]
[PlyCount "61"]
[EventDate "2023.10.08"]
[EventType "team-tourn"]
[EventRounds "11"]
[EventCountry "HUN"]
[Source "chess.hu"]
[WhiteTeam "ASE II. Paks"]
[BlackTeam "Szechenyi ESE Gyor"]
[WhiteTeamCountry "HUN"]
[BlackTeamCountry "HUN"]

1. e4 c5 2. Nf3 e6 3. d4 cxd4 4. Nxd4 Nc6 5. Nc3 Qc7 6. a3 a6 7. Be3 Nf6 8. f4
d6 9. Qf3 e5 10. Nb3 Be6 11. Be2 Be7 12. O-O Na5 13. Nxa5 Qxa5 14. Qg3 Rc8 15.
Rad1 Kf8 16. fxe5 dxe5 17. Nd5 Bxd5 18. exd5 Rxc2 19. Bd3 Rc8 20. b4 Qxa3 21.
d6 Bxd6 22. Bh6 gxh6 23. Rxf6 Qxb4 24. Qf3 Rc7 25. Rf1 Bc5+ 26. Kh1 Qb3 27. Qh5
Bd4 28. Bf5 Ke7 29. Qh4 Ke8 30. Rd6 Re7 31. Rc1 1-0

[Event "NB I. Charousek csoport"]
[Site "Gyor"]
[Date "2023.10.08"]
[Round "1.6"]
[White "Papp, Gabor Dr"]
[Black "Bernath, Bence"]
[Result "0-1"]
[WhiteElo "2019"]
[BlackElo "2241"]
[PlyCount "80"]
[EventDate "2023.10.08"]
[EventType "team-tourn"]
[EventRounds "11"]
[EventCountry "HUN"]
[Source "chess.hu"]
[WhiteTeam "Szechenyi ESE Gyor"]
[BlackTeam "ASE II. Paks"]
[WhiteTeamCountry "HUN"]
[BlackTeamCountry "HUN"]

1. d4 Nf6 2. Nf3 g6 3. Bf4 Bg7 4. c3 d6 5. Nbd2 Nbd7 6. e4 O-O 7. Bc4 c5 8. O-O
a6 9. a4 Rb8 10. Qe2 Nh5 11. Be3 Qc7 12. h3 e5 13. Rfc1 h6 14. dxc5 Nxc5 15. b4
Ne6 16. b5 Nhf4 17. Qf1 axb5 18. axb5 b6 19. g3 Nh5 20. Bd5 Nf6 21. Bc6 Bd7 22.
Bxd7 Nxd7 23. Nc4 Ndc5 24. Nfd2 f5 25. exf5 gxf5 26. f4 e4 27. Ra3 d5 28. Ne5
Bxe5 29. fxe5 Qxe5 30. Bxh6 Qxg3+ 31. Qg2 Qxg2+ 32. Kxg2 Rf6 33. Be3 f4 34. Bd4
Rg6+ 35. Kh2 Nd3 36. Rg1 Rxg1 37. Kxg1 Nxd4 38. cxd4 Rc8 39. Ra2 Rc1+ 40. Kg2
Rc2 0-1

[Event "NB I. Charousek csoport"]
[Site "Gyor"]
[Date "2023.10.08"]
[Round "1.7"]
[White "Losonczi, Marcell"]
[Black "Pram, Imre"]
[Result "1-0"]
[WhiteElo "2203"]
[BlackElo "2044"]
[PlyCount "65"]
[EventDate "2023.10.08"]
[EventType "team-tourn"]
[EventRounds "11"]
[EventCountry "HUN"]
[Source "chess.hu"]
[WhiteTeam "ASE II. Paks"]
[BlackTeam "Szechenyi ESE Gyor"]
[WhiteTeamCountry "HUN"]
[BlackTeamCountry "HUN"]

1. e4 c5 2. Nf3 Nc6 3. Bb5 e6 4. O-O d6 5. c3 Nf6 6. Re1 Be7 7. d4 cxd4 8. cxd4
a6 9. Bd3 h6 10. Nc3 b5 11. d5 Ne5 12. dxe6 Bxe6 13. Nd4 O-O 14. Nxe6 fxe6 15.
h3 Nxd3 16. Qxd3 b4 17. Ne2 d5 18. exd5 Qxd5 19. Nf4 Qxd3 20. Nxd3 Kf7 21. Ne5+
Kg8 22. Nc6 Bc5 23. Be3 Ne4 24. Rac1 Bxe3 25. Rxe3 Rxf2 26. Rxe4 Rxb2 27. Rxb4
Rxa2 28. Rb7 Rf8 29. Nb4 Ra5 30. Rcc7 Rg5 31. Nxa6 Kh7 32. Nc5 Rf6 33. Ne4 1-0

[Event "NB I. Charousek csoport"]
[Site "Gyor"]
[Date "2023.10.08"]
[Round "1.8"]
[White "Szabo, Laszlo"]
[Black "Ivan-Gal, Hanna Krisztina"]
[Result "0-1"]
[WhiteElo "1993"]
[BlackElo "2190"]
[PlyCount "62"]
[EventDate "2023.10.08"]
[EventType "team-tourn"]
[EventRounds "11"]
[EventCountry "HUN"]
[Source "chess.hu"]
[WhiteTeam "Szechenyi ESE Gyor"]
[BlackTeam "ASE II. Paks"]
[WhiteTeamCountry "HUN"]
[BlackTeamCountry "HUN"]

1. e4 c5 2. Nf3 e6 3. d4 cxd4 4. Nxd4 a6 5. Bd3 Nf6 6. O-O Qc7 7. c4 d6 8. b3
g6 9. Bb2 Bg7 10. Nc3 O-O 11. Kh1 Nbd7 12. f4 b6 13. Be2 Bb7 14. Bf3 Nc5 15.
Re1 Rad8 16. f5 e5 17. Nc2 gxf5 18. exf5 e4 19. Be2 d5 20. cxd5 Nxd5 21. Nxd5
Rxd5 22. Qb1 Rxf5 23. Bxg7 Kxg7 24. Ne3 Rg5 25. b4 Ne6 26. Rf1 Qc3 27. Nf5+
Rxf5 28. Rxf5 Nd4 29. Rg5+ Kh8 30. Rg3 e3 31. Rh3 Nc2 0-1

[Event "NB I. Charousek csoport"]
[Site "Gyor"]
[Date "2023.10.08"]
[Round "1.9"]
[White "Benedeczky, Lehel Dr"]
[Black "Kocsis, Tihamer"]
[Result "1-0"]
[WhiteElo "2135"]
[BlackElo "1893"]
[PlyCount "104"]
[EventDate "2023.10.08"]
[EventType "team-tourn"]
[EventRounds "11"]
[EventCountry "HUN"]
[Source "chess.hu"]
[WhiteTeam "ASE II. Paks"]
[BlackTeam "Szechenyi ESE Gyor"]
[WhiteTeamCountry "HUN"]
[BlackTeamCountry "HUN"]

1. d4 e6 2. c4 f5 3. Nc3 Nf6 4. g3 d5 5. Bg2 c6 6. Nh3 Be7 7. O-O O-O 8. Nf4 g5
9. Nd3 h6 10. cxd5 cxd5 11. f3 Nc6 12. Be3 b6 13. Rc1 Bb7 14. Qd2 Nh7 15. Ne5
Nxe5 16. dxe5 Qd7 17. Rc2 Rfd8 18. Bd4 Rac8 19. Rfc1 Rc4 20. e3 Rdc8 21. Bf1
R4c7 22. Nb5 Rxc2 23. Rxc2 a6 24. Rxc8+ Bxc8 25. Na3 Qc6 26. Nc2 a5 27. a4 Nf8
28. Bb5 Qc7 29. b4 axb4 30. Nxb4 Bd7 31. Na6 Qb7 32. Qc2 Kf7 33. g4 fxg4 34.
fxg4 Ke8 35. Qc7 Qxc7 36. Nxc7+ Kd8 37. Bxb6 Kc8 38. a5 Bxb5 39. Nxb5 Nd7 40.
Bd4 Kb7 41. a6+ Kxa6 42. Nc7+ Kb7 43. Nxe6 Kc6 44. Ng7 Nf8 45. Nf5 Kd7 46. Nxe7
Kxe7 47. Bc5+ Kf7 48. Bxf8 Kxf8 49. e4 d4 50. Kf2 Ke7 51. Ke2 Ke6 52. Kd3 Kxe5
1-0

[Event "NB I. Charousek csoport"]
[Site "Gyor"]
[Date "2023.10.08"]
[Round "1.10"]
[White "Gulacsi, Donat Ferenc"]
[Black "Toth, Gergely"]
[Result "0-1"]
[WhiteElo "1873"]
[BlackElo "2129"]
[PlyCount "70"]
[EventDate "2023.10.08"]
[EventType "team-tourn"]
[EventRounds "11"]
[EventCountry "HUN"]
[Source "chess.hu"]
[WhiteTeam "Szechenyi ESE Gyor"]
[BlackTeam "ASE II. Paks"]
[WhiteTeamCountry "HUN"]
[BlackTeamCountry "HUN"]

1. d4 Nf6 2. Nf3 e6 3. e3 b6 4. Bd3 Bb7 5. Nbd2 c5 6. c3 d5 7. O-O Bd6 8. Re1
Nbd7 9. e4 dxe4 10. Nxe4 Nxe4 11. Bxe4 Bxe4 12. Rxe4 Nf6 13. Bg5 O-O 14. Rh4
Be7 15. Ne5 Qd5 16. Qd3 g6 17. Qh3 cxd4 18. cxd4 Rfe8 19. Bxf6 Bxf6 20. Rxh7
Bxe5 21. dxe5 Qxe5 22. g4 Qxb2 23. Re1 Rac8 24. g5 Rc5 25. Qh6 Rxg5+ 26. Qxg5
Kxh7 27. Re3 Rc8 28. Rh3+ Kg8 29. Qh4 Qg7 30. Qa4 Qe5 31. Qh4 Rc1+ 32. Kg2 Qd5+
33. Rf3 Rc3 34. Qf6 Rxf3 35. Qxf3 Kg7 0-1